Miestne zisťovanie a postavenie daňového subjektu

Prípady miestneho zisťovania. Postavenie daňového subjektu pri miestnom zisťovaní.

Gespeichert in:
Bibliographische Detailangaben
1. Verfasser: Hrtánek, Ladislav
Format: Buchkapitel
Sprache:Slowakisch
Schlagworte:
Tags: Tag hinzufügen
Keine Tags, Fügen Sie das erste Tag hinzu!

MARC

LEADER 00000naa a2200000 4500
001 0277539
005 20210727132642.1
041 0 |a slo 
044 |a SK 
245 1 0 |a Miestne zisťovanie a postavenie daňového subjektu  |c Ladislav Hrtánek 
520 |a Prípady miestneho zisťovania. Postavenie daňového subjektu pri miestnom zisťovaní. 
610 2 0 |a dane 
610 2 0 |a správa daňová 
610 2 0 |a subjekt 
100 1 |a Hrtánek, Ladislav